000 00561nam a2200145Ia 4500
005 20260209120128.0
008 260209s9999||||xx |||||||||||||| ||und||
100 _aNeeraj Singh
245 0 _aEnforcing WTO rulings and judgments- problems and prospects
260 _aBangaloreBangalore
_bNLSIU
_c2010
300 _a122 p. ; 25 cm.
650 _aDispute Settlement - Impact - Developing Countries Dispute Settlement Process
700 _aProf. (Dr.) A Jayagovind - GuideProf. (Dr.) A Jayagovind - Guide
856 _uhttps://dans.nls.ac.in/handle/123456789/1969
999 _c216926
_d216926